Механизация на торенето с органични и минерални торове (Запис номер 37657)
[ съкратено ]
| 000 -Лидер | |
|---|---|
| Контролно поле с фиксирана дължина | 01363nam a2200337 c 4500 |
| 003 - Код на организацията, давaща контролен номер | |
| Контролно поле | BLK |
| 005 - Дата и час на последна редакция | |
| Контролно поле | 20220613125925.0 |
| 008 - Елементи от данни с фиксирана дължина | |
| fixed length control field | 180408b bul|||||r ||||||| ||bul|| |
| 010 ## - Наследен системен номер | |
| LC control number | KNG00040822000 |
| 040 ## - Източник на каталожния запис | |
| Идентификатор на билиотеката - собственик на записа | BLK |
| 041 ## - Код за език | |
| Код за езика на текст/звукозапис или на отделно заглавие | Български |
| Код за езика КДБФ | Български |
| 080 ## - УДК | |
| Текстов определител УДК | Торове. Торене. Стимулиране растежа на растенията. Растителни стимулатори |
| УДК код - определител по УДК | 631.8 |
| УДК - код + определител | 631.8 |
| 100 1# - Редна дума - Автор | |
| Автор | Вакарелски, Йордан Н. |
| Авторска отговорност | първи автор |
| R(LIN) | 275699 |
| 139 ## - Редно поле | |
| Редна дума | Вакарелски, Йордан Н. и др. |
| Авторски знак | Вак - В 17 |
| 245 10 - Сведения за заглавието | |
| Заглавие | Механизация на торенето с органични и минерални торове |
| Редно поле (дума) | Йордан Н. Вакарелски; съавт. Спас Лалев. |
| 257 ## - Страна на издаване | |
| Страна на създаване/издаване | България |
| 260 ## - Област на издателските данни | |
| Име на издателя, разпространителя и проч. | Христо Г. Данов |
| Година на издаване | 1968 |
| Място на издаване, разпространение и проч. | Пловдив |
| 300 ## - Физическа характеристика | |
| Страници | 175 с. |
| Илюстрации и др. | с ил. |
| Размери/Мащаб | 21 см |
| 380 ## - Жанр | |
| Жанр | Селско стопанство |
| 490 ## - СЕРИИ (Колекции) | |
| Име на серия | Поредица Семена |
| 9 (RLIN) | 205327 |
| 500 ## - Общи забележки | |
| Забележка | 1 380 тир. - Библиогр. с. 173. |
| 650 #4 - Допълнително описание по предмет – тема | |
| Основно описание – тема или топоним | Торове и торене |
| 9 (RLIN) | 275701 |
| 650 #4 - Допълнително описание по предмет – тема | |
| Основно описание – тема или топоним | Торове, минерални |
| 9 (RLIN) | 275702 |
| 650 #4 - Допълнително описание по предмет – тема | |
| Основно описание – тема или топоним | Торове, органични |
| 9 (RLIN) | 275703 |
| 700 1# - Други автори (авторска отговорност) | |
| Лично име | Лалев, Спас |
| Автороска отговорност (Описва отношението между автора и произведението) | съавт. |
| 9 (RLIN) | 275700 |
| 852 ## - Местоположение | |
| Форматна сигнатура | Цб 44397 |
| 856 4# - Електронен адрес и достъп | |
| Електронен формат | pdf - файл |
| 856 4# - Електронен адрес и достъп | |
| Електронен формат | pdf - файл |
| 999 ## - СИСТЕМНИ КОНТРОЛНИ НОМЕРА | |
| Koha biblionumber | 37657 |
| Koha biblioitemnumber | 37657 |
| 942 ## - АРТИКУЛИ | |
| Вид на библиотечния материал | Книги |
| Скрит в OPAC | Не |
| Периодичен библиозапис | Да |
| 944 ## - СЪЗДАВАНЕ И РЕДАКЦИЯ на ЗАПИСА | |
| Създаване/Редакция | Създаване |
| Дата на регистрацията/редакция | 24.08.2016 |
| Служител, извършил регистрацията/редакцията | Кети_Илиева |
| 944 ## - СЪЗДАВАНЕ И РЕДАКЦИЯ на ЗАПИСА | |
| Създаване/Редакция | Редакция |
| Дата на регистрацията/редакция | 24.08.2016 |
| Служител, извършил регистрацията/редакцията | Кети_Илиева |
| 999 ## - СИСТЕМНИ КОНТРОЛНИ НОМЕРА | |
| Koha biblioitemnumber | 37657 |
| Код за отписване | Код за изгубен артикул | Източник на класификационната схема | Код за повреда | Коз за рестрикции | Код за отдаване | Артикулен № | Име на библиотеката - собственик | Име на библиотеката, в която се намира в момента | Статус (Текущо местоположение) | Дата на вписване в системата | Местоположение - отдел | Цена в лева | Инвентарен номер | Систематично азбучна сигнатура | Баркод | Номер на екземпляра | Цена в евро | Служебна бележка | Служебен тип на артикула |
|---|---|---|---|---|---|---|---|---|---|---|---|---|---|---|---|---|---|---|---|
| Не е изгубен | Universal Decimal Classification | Не е повреден | без рестрикции | ползва се в читалня | 59146 | Регионална библиотека "Любен Каравелов" Русе | Регионална библиотека "Любен Каравелов" Русе | Хранилище | 1968-01-01 | Хранилище | 0.48 | 5685/68 | Цб 44397 | 900000100927 | 1 | 0.25 | Вид: Сф Дата: 01.01.1968 | Книги | |
| Изтеглен | Не е изгубен | Universal Decimal Classification | Не е повреден | без рестрикции | заемане за дома | 59147 | Регионална библиотека "Любен Каравелов" Русе | Регионална библиотека "Любен Каравелов" Русе | Заемна - подръчен фонд | 1968-01-01 | Заемна - подръчен фонд | 0.00 | 7676/68 | П 631.8/В 17 | 7676/68 | 2 | 0.00 | Вид: Сф Дата: 01.01.1968 | Книги |